| 000 | 00422nam a2200169Ia 4500 | ||
|---|---|---|---|
| 008 | 230524s9999 xx 000 0 und d | ||
| 020 | _a9780070660205 | ||
| 082 |
_a658 _bASW |
||
| 100 | _aK.Aswathappa | ||
| 245 | 0 | _aHuman Resource Management Text And Cases 5th & | |
| 250 | _a5TH | ||
| 260 |
_aNEW DELHI _bTMH _c2008 |
||
| 300 | _aXXIII;718 | ||
| 500 | _aQuantity Number: 40 | ||
| 650 | _aManagement | ||
| 942 | _cBK | ||
| 999 |
_c41120 _d41120 |
||